00473nam a2200109Ia 4500082001200000100008800012245009200100260002300192300001300215536005700228650007800285 aRS.0886 aSarkar, ManjariuKandra RadhaKanta Kundu Mahavidyalaya(KANDRA COLLEGE)vWest Bengal aPoverty alleviation through microfinance in some parts of Burdwan district, West Bengal c2014aWest Bengal  aiv, 104p aIndian Council of Social Science Research, New Delhi aMicro-financevEconomic conditionsvPovertyzBurdwanzWest Bengal zIndia